[Event "DEN-chT 0607"]
[Site "Denmark"]
[Date "2007.03.25"]
[Round "9.1"]
[White "Hansen, Sune Berg"]
[Black "Pedersen, Nicolai Vesterbaek"]
[Result "1/2-1/2"]
[WhiteElo "2566"]
[BlackElo "2492"]
[PlyCount "53"]
[EventDate "2006.11.04"]
[EventType "team"]
[EventRounds "9"]
[EventCountry "DEN"]
[Source "ChessBase"]
[SourceDate "2007.02.01"]
[WhiteTeam "Helsingor"]
[BlackTeam "Aalborg"]
[WhiteTeamCountry "DEN"]
[BlackTeamCountry "DEN"]

1. e4 e5 2. Nf3 Nc6 3. Bc4 Nf6 4. d3 Be7 5. Bb3 O-O 6. O-O d6 7. c3 h6 8. h3
Nh7 9. d4 Ng5 10. Nxg5 hxg5 11. Na3 Bf6 12. Nc2 Na5 13. Ba4 exd4 14. Nxd4 Nc4
15. Nc2 Be6 16. Ne3 Nxe3 17. Bxe3 Be5 18. Qh5 Bf4 19. Rfe1 Qf6 20. Bc2 g6 21.
Qf3 Kg7 22. Bb3 Bxe3 23. Qxe3 Rfe8 24. Rad1 Bxb3 25. axb3 Re5 26. Rd5 a6 27.
Rxe5 1/2-1/2

[Event "DEN-chT 0607"]
[Site "Denmark"]
[Date "2007.03.25"]
[Round "9.2"]
[White "Pedersen, Erik"]
[Black "Mortensen, Erling"]
[Result "0-1"]
[WhiteElo "2420"]
[BlackElo "2477"]
[PlyCount "50"]
[EventDate "2006.11.04"]
[EventType "team"]
[EventRounds "9"]
[EventCountry "DEN"]
[Source "ChessBase"]
[SourceDate "2007.02.01"]
[WhiteTeam "Aalborg"]
[BlackTeam "Helsingor"]
[WhiteTeamCountry "DEN"]
[BlackTeamCountry "DEN"]

1. d4 Nf6 2. Nf3 g6 3. g3 Bg7 4. Bg2 O-O 5. O-O c6 6. b3 a5 7. Bb2 d5 8. a4 Qb6
9. Nbd2 Na6 10. Ne5 Ng4 11. e4 Nxe5 12. dxe5 Be6 13. Kh1 Rad8 14. Qe2 Nb4 15.
exd5 cxd5 16. Nf3 d4 17. Rfd1 d3 18. cxd3 Bxb3 19. Rd2 Bh6 20. d4 Bxd2 21. Qxd2
Bd5 22. Ne1 Bxg2+ 23. Kxg2 Qc6+ 24. f3 Rc8 25. Kf2 Qd5 0-1

[Event "DEN-chT 0607"]
[Site "Denmark"]
[Date "2007.03.25"]
[Round "9.3"]
[White "Nielsen, Nicholas Roland"]
[Black "Jakobsen, Lars Veno"]
[Result "0-1"]
[WhiteElo "2158"]
[BlackElo "2304"]
[PlyCount "82"]
[EventDate "2006.11.04"]
[EventType "team"]
[EventRounds "9"]
[EventCountry "DEN"]
[Source "ChessBase"]
[SourceDate "2007.02.01"]
[WhiteTeam "Helsingor"]
[BlackTeam "Aalborg"]
[WhiteTeamCountry "DEN"]
[BlackTeamCountry "DEN"]

1. e4 c6 2. d4 d5 3. e5 Bf5 4. Nf3 e6 5. Be2 h6 6. O-O Nd7 7. Nbd2 Ne7 8. b3
Bh7 9. c4 Nf5 10. Bb2 Be7 11. g4 Nh4 12. Nxh4 Bxh4 13. f4 O-O 14. Nf3 f5 15.
Ba3 Rf7 16. cxd5 cxd5 17. Nxh4 Qxh4 18. Qe1 Qxe1 19. Raxe1 fxg4 20. Bxg4 Bf5
21. Bxf5 Rxf5 22. Rc1 Nf8 23. Rc7 Ng6 24. Rxb7 Nxf4 25. Bc5 a6 26. Kh1 g5 27.
b4 Rf7 28. Rb6 Kg7 29. a4 Kg6 30. a5 Kf5 31. Rc6 h5 32. Bb6 g4 33. Rfc1 h4 34.
Rc8 Rxc8 35. Rxc8 g3 36. hxg3 hxg3 37. Rg8 g2+ 38. Kg1 Ke4 39. Kf2 Rh7 40. b5
axb5 41. a6 Rh1 0-1

[Event "DEN-chT 0607"]
[Site "Denmark"]
[Date "2007.03.25"]
[Round "9.5"]
[White "Jorgensen, Michael"]
[Black "Hellegaard, Carsten"]
[Result "0-1"]
[WhiteElo "2201"]
[BlackElo "2230"]
[PlyCount "66"]
[EventDate "2006.11.04"]
[EventType "team"]
[EventRounds "9"]
[EventCountry "DEN"]
[Source "ChessBase"]
[SourceDate "2007.02.01"]
[WhiteTeam "Helsingor"]
[BlackTeam "Aalborg"]
[WhiteTeamCountry "DEN"]
[BlackTeamCountry "DEN"]

1. d4 Nf6 2. c4 e6 3. Nf3 b6 4. a3 Ba6 5. Qc2 Bb7 6. Nc3 c5 7. e4 cxd4 8. Nxd4
Bc5 9. Nb3 Nc6 10. Bf4 O-O 11. O-O-O e5 12. Be3 Bxe3+ 13. fxe3 Ne7 14. Bd3 a6
15. g4 Rc8 16. g5 Ne8 17. Kb1 Nd6 18. Qe2 Qc7 19. Nd5 Nxd5 20. cxd5 b5 21. h4
Qb6 22. Qg4 a5 23. g6 h6 24. gxf7+ Rxf7 25. Rhg1 Nc4 26. Qh5 a4 27. Nd4 exd4
28. e5 Bxd5 29. Rg6 Rc6 30. Rdg1 Rxg6 31. Rxg6 Qa5 32. Qe2 dxe3 33. Rg2 Bxg2
0-1

[Event "DEN-chT 0607"]
[Site "Denmark"]
[Date "2007.03.25"]
[Round "9.6"]
[White "Nielsen, Jorgen G"]
[Black "Dalsberg, Sandra de Blecourt"]
[Result "1/2-1/2"]
[WhiteElo "2186"]
[BlackElo "2078"]
[PlyCount "84"]
[EventDate "2006.11.04"]
[EventType "team"]
[EventRounds "9"]
[EventCountry "DEN"]
[Source "ChessBase"]
[SourceDate "2007.02.01"]
[WhiteTeam "Aalborg"]
[BlackTeam "Helsingor"]
[WhiteTeamCountry "DEN"]
[BlackTeamCountry "DEN"]

1. d4 d5 2. c4 c6 3. Nf3 Nf6 4. e3 Bf5 5. Nc3 e6 6. Nh4 Bg4 7. f3 Bh5 8. g4
Nxg4 9. Ng2 Nf6 10. Nf4 Bg6 11. Nxg6 hxg6 12. e4 dxe4 13. fxe4 Bb4 14. Qd3 Nbd7
15. Bd2 Ng4 16. Qg3 Qh4 17. Qxh4 Rxh4 18. Be2 Ngf6 19. e5 Nh5 20. Be3 Nf4 21.
Bf1 O-O-O 22. a3 Be7 23. O-O-O g5 24. Bf2 Rh6 25. Ne4 Rdh8 26. Bg3 c5 27. Nd6+
Bxd6 28. exd6 cxd4 29. Rxd4 e5 30. Rd2 Nc5 31. Bxf4 gxf4 32. Rd5 Nd7 33. h3 e4
34. Rg1 g6 35. Rg4 Rh4 36. Rxh4 Rxh4 37. Kd2 Rh5 38. Rxh5 gxh5 39. Kc3 b6 40.
Kd4 f5 41. b4 Kb7 42. a4 Kc6 1/2-1/2

[Event "DEN-chT 0607"]
[Site "Denmark"]
[Date "2007.03.25"]
[Round "9.7"]
[White "Jensen, Ib"]
[Black "Hjorth, Torben"]
[Result "1/2-1/2"]
[WhiteElo "1982"]
[BlackElo "2158"]
[PlyCount "76"]
[EventDate "2006.11.04"]
[EventType "team"]
[EventRounds "9"]
[EventCountry "DEN"]
[Source "ChessBase"]
[SourceDate "2007.02.01"]
[WhiteTeam "Helsingor"]
[BlackTeam "Aalborg"]
[WhiteTeamCountry "DEN"]
[BlackTeamCountry "DEN"]

1. d4 Nf6 2. Nf3 e6 3. Bf4 c5 4. c3 Be7 5. Nbd2 d5 6. e3 O-O 7. Ne5 b6 8. Bd3
Bb7 9. Qf3 Nc6 10. Qh3 Rc8 11. g4 g6 12. Bh6 Re8 13. f4 Ne4 14. Ndf3 f6 15.
Nxc6 Bxc6 16. f5 Bd6 17. fxg6 hxg6 18. Bxe4 dxe4 19. Nh4 g5 20. Ng6 Re7 21.
Bxg5 Rh7 22. Bh4 Be8 23. Nf4 Bxf4 24. exf4 cxd4 25. O-O-O d3 26. g5 f5 27. Rhe1
Ba4 28. Rd2 Qd4 29. Kb1 Bc2+ 30. Rxc2 dxc2+ 31. Kc1 Qd5 32. g6 Rd7 33. Kxc2
Qxa2 34. Bf6 Qa4+ 35. Kb1 Rd1+ 36. Rxd1 Qxd1+ 37. Ka2 Qa4+ 38. Kb1 Qd1+ 1/2-1/2

[Event "DEN-chT 0607"]
[Site "Denmark"]
[Date "2007.03.25"]
[Round "9.8"]
[White "Sonderstrup, Bjarne"]
[Black "Petersen, Age"]
[Result "1/2-1/2"]
[WhiteElo "1979"]
[BlackElo "1953"]
[PlyCount "42"]
[EventDate "2006.11.04"]
[EventType "team"]
[EventRounds "9"]
[EventCountry "DEN"]
[Source "ChessBase"]
[SourceDate "2007.02.01"]
[WhiteTeam "Aalborg"]
[BlackTeam "Helsingor"]
[WhiteTeamCountry "DEN"]
[BlackTeamCountry "DEN"]

1. c4 e5 2. g3 d6 3. Bg2 f5 4. d4 exd4 5. Qxd4 Nc6 6. Qe3+ Be7 7. Nh3 Nf6 8.
O-O O-O 9. Nc3 Ne5 10. b3 c6 11. Bb2 Qc7 12. Rac1 Re8 13. Qd2 Kh8 14. e3 Be6
15. Nd5 Qd7 16. Nxf6 Bxf6 17. Rfd1 Rad8 18. Nf4 Bf7 19. h4 Ng4 20. Ba3 Be7 21.
Bb2 Bf6 1/2-1/2

[Event "DEN-chT 0607"]
[Site "Denmark"]
[Date "2007.03.25"]
[Round "9.1"]
[White "Hector, Jonny"]
[Black "Glud, Jakob Vang"]
[Result "1-0"]
[WhiteElo "2508"]
[BlackElo "2429"]
[PlyCount "105"]
[EventDate "2006.11.04"]
[EventType "team"]
[EventRounds "9"]
[EventCountry "DEN"]
[Source "ChessBase"]
[SourceDate "2007.02.01"]
[WhiteTeam "Nordkalotten"]
[BlackTeam "Jetsmark"]
[WhiteTeamCountry "DEN"]
[BlackTeamCountry "DEN"]

1. e4 e6 2. d4 d5 3. Nc3 Bb4 4. Qd3 dxe4 5. Qxe4 Nf6 6. Qh4 Nc6 7. Nf3 Nd5 8.
Bg5 Nce7 9. a3 Ba5 10. Bd2 Nxc3 11. bxc3 O-O 12. Bd3 f5 13. O-O Nd5 14. Bg5 Nf6
15. c4 h6 16. Be3 Ne4 17. Qxd8 Rxd8 18. Bxe4 fxe4 19. Ne5 c5 20. Rad1 Bc3 21.
f3 exf3 22. Rxf3 Bd7 23. Rg3 Kh7 24. Bf2 Bxd4 25. Bxd4 cxd4 26. Rxd4 Ba4 27. c3
Rac8 28. h4 Rf8 29. Rd6 Rf6 30. Re3 Rc5 31. g4 Rf4 32. Rd4 g5 33. Kg2 Bc6+ 34.
Kg3 Rxe5 35. Rxe5 Rf3+ 36. Kh2 Rf2+ 37. Kg1 Rg2+ 38. Kf1 gxh4 39. Rxe6 h3 40.
Rdd6 Rxg4 41. Re7+ Rg7 42. Rxg7+ Kxg7 43. Kg1 h5 44. Kh2 Bg2 45. a4 Kf7 46. a5
a6 47. Rh6 Ke7 48. Rxh5 Kd6 49. Kg1 Be4 50. Kf2 h2 51. Rxh2 Bd3 52. Ke3 Bxc4
53. Kd4 1-0

[Event "DEN-chT 0607"]
[Site "Denmark"]
[Date "2007.03.25"]
[Round "9.2"]
[White "Rasmussen, Allan Stig"]
[Black "Brynell, Stellan"]
[Result "0-1"]
[WhiteElo "2398"]
[BlackElo "2497"]
[PlyCount "78"]
[EventDate "2006.11.04"]
[EventType "team"]
[EventRounds "9"]
[EventCountry "DEN"]
[Source "ChessBase"]
[SourceDate "2007.02.01"]
[WhiteTeam "Jetsmark"]
[BlackTeam "Nordkalotten"]
[WhiteTeamCountry "DEN"]
[BlackTeamCountry "DEN"]

1. e4 e6 2. d4 d5 3. Nc3 Bb4 4. e5 Qd7 5. a3 Bxc3+ 6. bxc3 b6 7. Qg4 f5 8. Qg3
Ba6 9. Bxa6 Nxa6 10. Ne2 Nb8 11. Nf4 Nc6 12. a4 O-O-O 13. h4 Na5 14. Nh5 g6 15.
Nf6 Qf7 16. Nxg8 Rdxg8 17. Bh6 g5 18. Qf3 g4 19. Qd3 Nc4 20. h5 a5 21. Qg3 Qe7
22. Qf4 Kb7 23. Ke2 Ka6 24. Rhb1 Qd8 25. Qg3 Qe7 26. Qf4 Rb8 27. Bg5 Qf7 28.
Bf6 Rhg8 29. Qh6 b5 30. axb5+ Rxb5 31. Rb3 Rgb8 32. Bg7 Rg8 33. Bf6 c6 34. Ra4
Qb7 35. Rxc4 dxc4 36. Ra3 Rb1 37. Bg5 Qb2 38. Qxe6 Qxc2+ 39. Ke3 Qe4+ 0-1

[Event "DEN-chT 0607"]
[Site "Denmark"]
[Date "2007.03.25"]
[Round "9.3"]
[White "Kristensen, Kaare Hove"]
[Black "Fries Nielsen, Jens Ove"]
[Result "0-1"]
[WhiteElo "2313"]
[BlackElo "2405"]
[PlyCount "77"]
[EventDate "2006.11.04"]
[EventType "team"]
[EventRounds "9"]
[EventCountry "DEN"]
[Source "ChessBase"]
[SourceDate "2007.02.01"]
[WhiteTeam "Nordkalotten"]
[BlackTeam "Jetsmark"]
[WhiteTeamCountry "DEN"]
[BlackTeamCountry "DEN"]

1. e4 c6 2. d4 Na6 3. c4 g6 4. Nc3 Bg7 5. f4 d6 6. Nf3 Bg4 7. Be3 Qb6 8. Qd2
Bxf3 9. gxf3 Nf6 10. O-O-O Qa5 11. Rg1 Bh6 12. e5 Nd7 13. exd6 exd6 14. f5 Bg7
15. Bh6 Bxh6 16. Qxh6 O-O-O 17. Qf4 Qc7 18. Bh3 Kb8 19. Rge1 Nb6 20. b3 f6 21.
Re6 g5 22. Qe3 Rhf8 23. Ne4 d5 24. Nxf6 dxc4 25. Qe5 cxb3 26. axb3 Ka8 27. Re7
Qc8 28. Nxh7 Rh8 29. Bg4 c5 30. dxc5 Rxd1+ 31. Kxd1 Rd8+ 32. Ke2 Nd5 33. f6
Qxc5 34. Kf1 Nxe7 35. Qxc5 Nxc5 36. fxe7 Re8 37. b4 Rxe7 38. Nxg5 Nd3 39. b5
0-1

[Event "DEN-chT 0607"]
[Site "Denmark"]
[Date "2007.03.25"]
[Round "9.4"]
[White "Christensen, Stefan"]
[Black "Ejsing, Esben"]
[Result "1-0"]
[WhiteElo "2272"]
[BlackElo "2275"]
[PlyCount "103"]
[EventDate "2006.11.04"]
[EventType "team"]
[EventRounds "9"]
[EventCountry "DEN"]
[Source "ChessBase"]
[SourceDate "2007.02.01"]
[WhiteTeam "Jetsmark"]
[BlackTeam "Nordkalotten"]
[WhiteTeamCountry "DEN"]
[BlackTeamCountry "DEN"]

1. e4 d6 2. d4 Nf6 3. Nc3 g6 4. Be3 Bg7 5. Qd2 O-O 6. Nf3 a6 7. Bh6 b5 8. Bxg7
Kxg7 9. Bd3 Bg4 10. e5 Nfd7 11. Qf4 Bxf3 12. Qxf3 Ra7 13. exd6 cxd6 14. O-O-O
Nf6 15. g4 Qa5 16. Kb1 Rc8 17. Nd5 Nxd5 18. Qxd5 Nc6 19. c3 Qd8 20. h4 e6 21.
Qg2 d5 22. g5 b4 23. h5 bxc3 24. hxg6 fxg6 25. Qh3 Kf8 26. Qxe6 Nxd4 27. Qe5
Nc6 28. Qh8+ Ke7 29. Qf6+ Kd7 30. Rxh7+ Ne7 31. Bb5+ Kc7 32. Rxe7+ Kb8 33. Qe5+
Rac7 34. Rxc7 Rxc7 35. Bd3 d4 36. Qf6 Qd5 37. Qf8+ Ka7 38. Qa3 Rb7 39. Qxa6+
Kb8 40. Kc1 Rxb2 41. Qa3 Rxa2 42. Qf8+ Ka7 43. Qe7+ Kb6 44. Qf6+ Ka7 45. Bb1 c2
46. Bxc2 Rxc2+ 47. Kxc2 Qc4+ 48. Kd2 Qc3+ 49. Ke2 Qc2+ 50. Ke1 Qc3+ 51. Kf1
Qh3+ 52. Ke2 1-0

[Event "DEN-chT 0607"]
[Site "Denmark"]
[Date "2007.03.25"]
[Round "9.5"]
[White "Nielsen, Lars Aaes"]
[Black "Jensen, Bjarke"]
[Result "1/2-1/2"]
[WhiteElo "2221"]
[BlackElo "2257"]
[PlyCount "108"]
[EventDate "2006.11.04"]
[EventType "team"]
[EventRounds "9"]
[EventCountry "DEN"]
[Source "ChessBase"]
[SourceDate "2007.02.01"]
[WhiteTeam "Nordkalotten"]
[BlackTeam "Jetsmark"]
[WhiteTeamCountry "DEN"]
[BlackTeamCountry "DEN"]

1. e4 e5 2. Nf3 Nc6 3. Bb5 a6 4. Bxc6 dxc6 5. O-O Bg4 6. h3 Bxf3 7. Qxf3 Qf6 8.
Qxf6 Nxf6 9. d3 Bc5 10. Nd2 O-O 11. Nc4 Nd7 12. Be3 Rfe8 13. Bxc5 Nxc5 14. f4
exf4 15. Rxf4 f6 16. Raf1 b5 17. Ne3 Rad8 18. h4 Na4 19. h5 h6 20. Rg4 Kh7 21.
b3 Nc3 22. a3 Rd7 23. Kf2 a5 24. Nf5 c5 25. Ne3 a4 26. bxa4 Nxa4 27. Rb1 c6 28.
Rf4 c4 29. dxc4 Nc3 30. Re1 Nxe4+ 31. Kg1 Ng3 32. cxb5 cxb5 33. Kf2 Nxh5 34.
Rf5 g5 35. g4 Rd2+ 36. Kf3 Nf4 37. Rxf6 Rh2 38. Rf7+ Kg8 39. Rb7 Rh3+ 40. Kf2
Rh2+ 41. Kf3 Nd5 42. Ng2 Rh3+ 43. Kf2 Rf8+ 44. Kg1 Rxa3 45. Re6 Nf6 46. Ne3 Ra4
47. Rxb5 Nxg4 48. Nf5 Kh8 49. Nxh6 Nxh6 50. Rxh6+ Kg7 51. Rh2 Ra1+ 52. Kg2 Kg6
53. Rb6+ Kf5 54. Rh3 g4 1/2-1/2

[Event "DEN-chT 0607"]
[Site "Denmark"]
[Date "2007.03.25"]
[Round "9.6"]
[White "Rathlev, Jakob"]
[Black "Jakobsen, Peter"]
[Result "0-1"]
[WhiteElo "2164"]
[BlackElo "2206"]
[PlyCount "56"]
[EventDate "2006.11.04"]
[EventType "team"]
[EventRounds "9"]
[EventCountry "DEN"]
[Source "ChessBase"]
[SourceDate "2007.02.01"]
[WhiteTeam "Jetsmark"]
[BlackTeam "Nordkalotten"]
[WhiteTeamCountry "DEN"]
[BlackTeamCountry "DEN"]

1. b3 e5 2. Bb2 Nc6 3. c4 Nf6 4. Nf3 e4 5. Nd4 Bc5 6. Nxc6 dxc6 7. e3 Bf5 8.
Be2 Qe7 9. O-O Rd8 10. Qe1 h5 11. Nc3 Ng4 12. f3 exf3 13. Rxf3 Qd6 14. Qh4 Bd3
15. Bxd3 Qxd3 16. Na4 Be7 17. Qe1 b5 18. cxb5 cxb5 19. Nc3 Qd6 20. Qg3 Qxd2 21.
Nxb5 Qxb2 22. Nxc7+ Kf8 23. Ne6+ Kg8 24. Nxd8 Qxa1+ 25. Rf1 Qe5 26. Nxf7 Qxg3
27. hxg3 Rh7 28. e4 g6 0-1

[Event "DEN-chT 0607"]
[Site "Denmark"]
[Date "2007.03.25"]
[Round "9.8"]
[White "Helledie, Anders"]
[Black "Koch, Soren Andreas"]
[Result "1/2-1/2"]
[WhiteElo "2118"]
[BlackElo "2079"]
[PlyCount "118"]
[EventDate "2006.11.04"]
[EventType "team"]
[EventRounds "9"]
[EventCountry "DEN"]
[Source "ChessBase"]
[SourceDate "2007.02.01"]
[WhiteTeam "Jetsmark"]
[BlackTeam "Nordkalotten"]
[WhiteTeamCountry "DEN"]
[BlackTeamCountry "DEN"]

1. e4 e5 2. Bc4 Nc6 3. Nc3 Nf6 4. d3 Bb4 5. Nge2 O-O 6. O-O h6 7. a3 Bc5 8. b4
Bb6 9. Na4 d5 10. exd5 Nxd5 11. Bxd5 Qxd5 12. c4 Qd8 13. c5 Bf5 14. cxb6 axb6
15. Ra2 Qxd3 16. Qxd3 Bxd3 17. Nac3 Nxb4 18. axb4 Rxa2 19. Nxa2 Bxe2 20. Re1
Bc4 21. Nc3 f6 22. f4 b5 23. Rd1 g5 24. fxe5 fxe5 25. Nd5 Rf7 26. Bb2 e4 27.
Nf6+ Kf8 28. Rd8+ Ke7 29. Rd7+ Ke6 30. Rxf7 Kxf7 31. Nxe4 b6 32. Bd4 c5 33.
bxc5 bxc5 34. Nxc5 Kg6 35. Bc3 Kf5 36. Kf2 h5 37. Nd7 Ke4 38. Nc5+ Kd5 39. Nd7
Ke4 40. Ne5 Bd5 41. Ke2 h4 42. Nf3 Kf4 43. Kf2 Kg4 44. h3+ Kh5 45. Bf6 b4 46.
Nh2 Be6 47. Nf3 Bd5 48. Ke3 b3 49. Kf2 Kg6 50. Bb2 Kh5 51. Ne5 Be6 52. Kg1 Bc8
53. Kh2 Be6 54. Bc1 Bc8 55. Ba3 Be6 56. Bb2 Bc8 57. Bc1 Be6 58. Nf3 Bd5 59. Ne5
Be6 1/2-1/2

[Event "DEN-chT 0607"]
[Site "Denmark"]
[Date "2007.03.25"]
[Round "9.1"]
[White "Hillarp Persson, Tiger"]
[Black "Andreasen, Per Naesby"]
[Result "1-0"]
[WhiteElo "2550"]
[BlackElo "2228"]
[PlyCount "73"]
[EventDate "2006.11.04"]
[EventType "team"]
[EventRounds "9"]
[EventCountry "DEN"]
[Source "ChessBase"]
[SourceDate "2007.02.01"]
[WhiteTeam "Bronshoj"]
[BlackTeam "Norresundby"]
[WhiteTeamCountry "DEN"]
[BlackTeamCountry "DEN"]

1. d4 Nf6 2. c4 e6 3. Nc3 d5 4. cxd5 exd5 5. Bg5 Be7 6. e3 O-O 7. Bd3 h6 8. Bh4
Nbd7 9. Nge2 c5 10. O-O cxd4 11. Nxd4 Nc5 12. Rc1 Bg4 13. Be2 Bxe2 14. Qxe2 Qd7
15. Rfd1 Rfd8 16. Qb5 g5 17. Bg3 Nce4 18. Qxd7 Rxd7 19. Nf5 Bf8 20. f3 Nxc3 21.
Rxc3 Re8 22. Kf1 Kh7 23. Bf2 h5 24. Rdc1 Kg6 25. Nd4 Bd6 26. Bg3 Bxg3 27. hxg3
Ree7 28. Kf2 Ne8 29. Rc8 f5 30. Ra8 a6 31. Rcc8 Nf6 32. Rc3 Rc7 33. Rc8 Rxc3
34. Rxc3 Ne8 35. Rb3 Ng7 36. Rb6+ Kf7 37. Rd6 1-0

[Event "DEN-chT 0607"]
[Site "Denmark"]
[Date "2007.03.25"]
[Round "9.2"]
[White "Nielsen, Tommy"]
[Black "Hoi, Carsten"]
[Result "1/2-1/2"]
[WhiteElo "2187"]
[BlackElo "2425"]
[PlyCount "148"]
[EventDate "2006.11.04"]
[EventType "team"]
[EventRounds "9"]
[EventCountry "DEN"]
[Source "ChessBase"]
[SourceDate "2007.02.01"]
[WhiteTeam "Norresundby"]
[BlackTeam "Bronshoj"]
[WhiteTeamCountry "DEN"]
[BlackTeamCountry "DEN"]

1. e4 g6 2. d4 Bg7 3. Nc3 d6 4. Be2 Nc6 5. Be3 Nf6 6. g4 h5 7. d5 Nxg4 8. dxc6
bxc6 9. Bxg4 hxg4 10. Qd2 Bd7 11. O-O-O Qb8 12. f4 Qb7 13. Nge2 Rb8 14. b3 Qb4
15. Bd4 f6 16. Nb1 Qb7 17. e5 Kf7 18. exf6 exf6 19. Bb2 c5 20. Nbc3 Bc6 21. Nd5
Rbe8 22. Ng3 a5 23. Kb1 a4 24. f5 g5 25. Qd3 axb3 26. axb3 Bxd5 27. Qxd5+ Qxd5
28. Rxd5 Re3 29. Rd3 Rf3 30. Kc1 Rxd3 31. cxd3 d5 32. Nf1 Bf8 33. Rg1 Rh4 34.
Rg2 Bd6 35. Bc3 Rh3 36. Rf2 Rxd3 37. Kc2 Rf3 38. Rxf3 gxf3 39. h3 d4 40. Be1
Ke7 41. Kd3 Kd7 42. Bg3 Bxg3 43. Nxg3 Kd6 44. Ke4 f2 45. Nf1 Kc6 46. Nd2 Kd6
47. Nf1 Kc6 48. Kf3 Kd5 49. Nd2 Ke5 50. Kxf2 Kxf5 51. Kf3 Ke5 52. Ne4 c6 53.
Nxc5 f5 54. Nd7+ Kd6 55. Nf6 Kc5 56. Ke2 Kb4 57. Nh7 g4 58. h4 Kxb3 59. Kd2 c5
60. Ng5 c4 61. Ne6 d3 62. h5 Kb2 63. Nd4 g3 64. h6 g2 65. Nf3 c3+ 66. Kxd3 c2
67. h7 c1=Q 68. h8=Q+ Ka2 69. Qg8+ Ka3 70. Qa8+ Kb4 71. Qb7+ Ka5 72. Qa7+ Kb4
73. Qb6+ Ka4 74. Qa6+ Kb4 1/2-1/2

[Event "DEN-chT 0607"]
[Site "Denmark"]
[Date "2007.03.25"]
[Round "9.3"]
[White "Pilgaard, Kim"]
[Black "Willumsen, Niels Henrik"]
[Result "1-0"]
[WhiteElo "2420"]
[BlackElo "2138"]
[PlyCount "65"]
[EventDate "2006.11.04"]
[EventType "team"]
[EventRounds "9"]
[EventCountry "DEN"]
[Source "ChessBase"]
[SourceDate "2007.02.01"]
[WhiteTeam "Bronshoj"]
[BlackTeam "Norresundby"]
[WhiteTeamCountry "DEN"]
[BlackTeamCountry "DEN"]

1. e4 c5 2. Nf3 d6 3. d4 cxd4 4. Nxd4 Nf6 5. Nc3 g6 6. Be3 Bg7 7. f3 O-O 8. Qd2
Nc6 9. O-O-O d5 10. exd5 Nxd5 11. Nxc6 bxc6 12. Bd4 e5 13. Bc5 Be6 14. Ne4 Rb8
15. Bc4 Re8 16. h4 h6 17. g4 Qd7 18. g5 h5 19. Qa5 a6 20. Bb3 Red8 21. Rhe1 Rb5
22. Qxa6 Qc7 23. c4 Ra5 24. Bb6 Rxa6 25. Bxc7 Rc8 26. Bd6 Nf4 27. Nc5 Ra7 28.
Bxe5 Bxe5 29. Rxe5 Bf5 30. a3 Kf8 31. Bc2 Be6 32. Rd4 Ng2 33. Nxe6+ 1-0

[Event "DEN-chT 0607"]
[Site "Denmark"]
[Date "2007.03.25"]
[Round "9.4"]
[White "Jorgensen, Jorgen"]
[Black "Bromann, Thorbjorn"]
[Result "0-1"]
[WhiteElo "2255"]
[BlackElo "2387"]
[PlyCount "68"]
[EventDate "2006.11.04"]
[EventType "team"]
[EventRounds "9"]
[EventCountry "DEN"]
[Source "ChessBase"]
[SourceDate "2007.02.01"]
[WhiteTeam "Norresundby"]
[BlackTeam "Bronshoj"]
[WhiteTeamCountry "DEN"]
[BlackTeamCountry "DEN"]

1. d4 d5 2. c4 Nc6 3. cxd5 Qxd5 4. e3 e5 5. Nc3 Bb4 6. Bd2 Bxc3 7. bxc3 Nf6 8.
c4 Qd6 9. d5 Ne7 10. Qb1 a5 11. Bd3 Nd7 12. Ne2 Nc5 13. e4 Ng6 14. O-O Nh4 15.
f4 Qh6 16. Qb5+ Nd7 17. Be3 O-O 18. Ng3 c6 19. Qb2 Nf6 20. Be2 Bg4 21. Qd2 Bxe2
22. f5 Bxf1 23. Bxh6 Bxg2 24. Qc1 Bxe4 25. Nxe4 Nxe4 26. Qc2 cxd5 27. cxd5 Nd6
28. Bc1 Ndxf5 29. Qf2 e4 30. Rb1 Rac8 31. Bf4 Rfd8 32. d6 Rd7 33. Bg3 Nf3+ 34.
Kg2 Rc2 0-1

[Event "DEN-chT 0607"]
[Site "Denmark"]
[Date "2007.03.25"]
[Round "9.5"]
[White "Brinck Claussen, Bjorn"]
[Black "Pedersen, Svend"]
[Result "1-0"]
[WhiteElo "2320"]
[BlackElo "2237"]
[PlyCount "45"]
[EventDate "2006.11.04"]
[EventType "team"]
[EventRounds "9"]
[EventCountry "DEN"]
[Source "ChessBase"]
[SourceDate "2007.02.01"]
[WhiteTeam "Bronshoj"]
[BlackTeam "Norresundby"]
[WhiteTeamCountry "DEN"]
[BlackTeamCountry "DEN"]

1. e4 g6 2. d4 Bg7 3. Nc3 d6 4. f4 c6 5. Be3 b5 6. Bd3 a6 7. Nf3 Bb7 8. e5 Nd7
9. O-O Qc7 10. a4 b4 11. Ne4 a5 12. Qe2 d5 13. Neg5 e6 14. f5 gxf5 15. Nxf7 Nf8
16. Nxh8 Bxh8 17. Ng5 O-O-O 18. Qh5 Qg7 19. Nf7 Rd7 20. Nd6+ Kb8 21. Qe8+ Kc7
22. Rf3 Re7 23. Bg5 1-0

[Event "DEN-chT 0607"]
[Site "Denmark"]
[Date "2007.03.25"]
[Round "9.6"]
[White "Nielsen, John Bauneborg"]
[Black "Carstensen, Jacob"]
[Result "0-1"]
[WhiteElo "2187"]
[BlackElo "2277"]
[PlyCount "128"]
[EventDate "2006.11.04"]
[EventType "team"]
[EventRounds "9"]
[EventCountry "DEN"]
[Source "ChessBase"]
[SourceDate "2007.02.01"]
[WhiteTeam "Norresundby"]
[BlackTeam "Bronshoj"]
[WhiteTeamCountry "DEN"]
[BlackTeamCountry "DEN"]

1. d4 d5 2. Nf3 Nf6 3. Bf4 c6 4. c3 Qb6 5. Qb3 Bf5 6. Nbd2 Nbd7 7. e3 Nh5 8.
Nh4 Be6 9. Bd3 f6 10. Qd1 Bf7 11. Nhf3 g6 12. Rb1 Bg7 13. Bg3 O-O 14. O-O Nxg3
15. hxg3 e5 16. dxe5 Nxe5 17. Bc2 Rad8 18. Qe2 Kh8 19. b4 Nxf3+ 20. Nxf3 f5 21.
Nd4 Rfe8 22. Rfd1 Qc7 23. Rbc1 b6 24. Ba4 Rd6 25. Qc2 a6 26. Qe2 Ra8 27. Bb3 c5
28. Nf3 c4 29. Bc2 Bxc3 30. Bxf5 Bg7 31. Bb1 b5 32. Nd4 Rb6 33. Qd2 Rbb8 34.
Bc2 a5 35. a3 Qb6 36. Qc3 Ra6 37. Rb1 axb4 38. Rxb4 Qa7 39. Qb2 Rxa3 40. Rxb5
Rxb5 41. Qxb5 Ra2 42. Bb1 Qa4 43. Qb8+ Bg8 44. Rf1 Qa7 45. Qd8 Ra1 46. Nc6 Qa8
47. Qd7 Ra6 48. Nd4 Qb8 49. Bc2 Qa7 50. Qxa7 Rxa7 51. Rd1 Ra2 52. Rc1 Bf7 53.
g4 Kg8 54. g5 Kf8 55. g4 Ke7 56. f4 Kd6 57. f5 Be5 58. Nf3 Be8 59. Nh4 Bg3 60.
Nf3 Be5 61. Nh4 Bb2 62. Rb1 c3 63. Rd1 Ba4 64. fxg6 hxg6 0-1

[Event "DEN-chT 0607"]
[Site "Denmark"]
[Date "2007.03.25"]
[Round "9.7"]
[White "Palm, Nikolaj"]
[Black "Sorensen, Bent"]
[Result "1/2-1/2"]
[WhiteElo "2268"]
[BlackElo "2220"]
[PlyCount "75"]
[EventDate "2006.11.04"]
[EventType "team"]
[EventRounds "9"]
[EventCountry "DEN"]
[Source "ChessBase"]
[SourceDate "2007.02.01"]
[WhiteTeam "Bronshoj"]
[BlackTeam "Norresundby"]
[WhiteTeamCountry "DEN"]
[BlackTeamCountry "DEN"]

1. d4 Nf6 2. c4 e6 3. Nf3 d5 4. Bg5 h6 5. Bh4 g5 6. Bg3 Bg7 7. Nc3 c5 8. e3 O-O
9. Be2 Nc6 10. O-O Ne4 11. cxd5 exd5 12. dxc5 Nxg3 13. hxg3 Be6 14. Rc1 Qa5 15.
Qd2 d4 16. Nxd4 Nxd4 17. exd4 Rfd8 18. Bf3 Rxd4 19. Qe3 Rc8 20. Ne4 Rb4 21. Nd6
Rc7 22. Ne8 Bd4 23. Qd2 Rxc5 24. a3 Rxc1 25. Rxc1 Ra4 26. b4 Qb6 27. Nc7 Bb3
28. Nd5 Bxd5 29. Bxd5 Rxa3 30. Qe2 Kg7 31. b5 Ra5 32. Rd1 a6 33. Qf3 Qf6 34.
Rxd4 Rxb5 35. Qxf6+ Kxf6 36. Bf3 Rb1+ 37. Kh2 a5 38. Rd7 1/2-1/2